Pluribus Episodes! - Statistics

General Stats
  • This quiz has been taken 37 times
  • The average score is 7 of 9
Answer Stats
Answer % Correct
La Chica o El Mundo
91%
We Is Us
83%
HDP
78%
Pirate Lady
78%
Please, Carol
74%
The Gap
74%
Charm Offensive
70%
Got Milk
70%
Grenade
65%
No matching quizzes found
Score Distribution
Percent of People with Each Score
Percentile by Number Answered
Your Score History
You have not taken this quiz